Business organisation and management / (Record no. 127016)

MARC details
000 -LEADER
fixed length control field 00796nam a22002777a 4500
003 - CONTROL NUMBER IDENTIFIER
control field dpl
005 - DATE AND TIME OF LATEST TRANSACTION
control field 20181215153533.0
008 - FIXED-LENGTH DATA ELEMENTS--GENERAL INFORMATION
fixed length control field 181031b ||||| |||| 00| 0 eng d
010 ## - LIBRARY OF CONGRESS CONTROL NUMBER
LC control number B-227267
020 ## - INTERNATIONAL STANDARD BOOK NUMBER
Terms of availability 00.00
International Standard Book Number 8180520315
035 ## - SYSTEM CONTROL NUMBER
System control number B-227267
035 ## - SYSTEM CONTROL NUMBER
System control number B-227261
037 ## - SOURCE OF ACQUISITION
Source of stock number/acquisition BPPD/PUB
040 ## - CATALOGING SOURCE
Original cataloging agency DPL
Language of cataloging EN
Transcribing agency 0
082 ## - DEWEY DECIMAL CLASSIFICATION NUMBER
Classification number 658
Item number BHA
100 ## - MAIN ENTRY--PERSONAL NAME
Personal name Bhatia, R. C
9 (RLIN) 19133
245 ## - TITLE STATEMENT
Title Business organisation and management /
Statement of responsibility, etc by R. C. Bhatia
246 ## - VARYING FORM OF TITLE
Remainder of title
260 ## - PUBLICATION, DISTRIBUTION, ETC. (IMPRINT)
Place of publication, distribution, etc New Delhi
Name of publisher, distributor, etc Ane Books
Date of publication, distribution, etc 2005
270 ## - ADDRESS
Address 4821 Parwana Bhawan, 24 Ansari Road
City New Delhi
Postal code 110002
300 ## - PHYSICAL DESCRIPTION
Extent xxiv,423p.
Dimensions 23cm(Hb)
500 ## - GENERAL NOTE
General note Includes index
650 ## - SUBJECT ADDED ENTRY--TOPICAL TERM
Topical term or geographic name as entry element Industrial organization
9 (RLIN) 14194
650 ## - SUBJECT ADDED ENTRY--TOPICAL TERM
Topical term or geographic name as entry element Industrial management
9 (RLIN) 19134
942 ## - ADDED ENTRY ELEMENTS (KOHA)
Source of classification or shelving scheme Dewey Decimal Classification
Koha item type English Books
Classification part 658
Call number suffix BHA
Holdings
Withdrawn status Lost status Damaged status Not for loan Home library Current library Date acquired Source of acquisition Cost, normal purchase price Total Checkouts Full call number Barcode Date last seen Date checked out Copy number Cost, replacement price Price effective from Koha item type Source of classification or shelving scheme Collection code Total Renewals
        Central Library Central Library 27/06/2015 Cen Lib/Ret 0.00 5 658 BHA B-227251 10/12/2022 06/12/2022 1 0.00 27/06/2015 English Books      
        Sarojini Nagar Sarojini Nagar 15/12/2018 ane books 245.00 13 658 BHA B-227261 31/12/2025 02/12/2025   245.00 15/12/2018 English Books Dewey Decimal Classification Non-fiction 6
        Sarojini Nagar Sarojini Nagar 07/05/2019     5 658 BHA B-227256 21/03/2022 03/03/2022     07/05/2019 English Books Dewey Decimal Classification Non-fiction 2
        Shahdara Branch Shahdara Branch 31/10/2018 BPPD/PUB   9 658 BHA B-227267 18/12/2023 14/12/2023     31/10/2018 English Books Dewey Decimal Classification Non-fiction 2

© Delhi Public Library
Hit Counter
free hit counter